[Event "April 9 Late 2024"]
[Site "Chess.com"]
[Date "2024.04.09"]
[Round "7"]
[White "Saim, Mohamed Ilias"]
[Black "Golubenko, Valentina"]
[Result "1-0"]
[Board "139"]
[WhiteFideId "7900465"]
[BlackFideId "4501993"]
[WhiteTitle "FM"]
[BlackTitle "WGM"]
[WhiteElo "2031"]
[BlackElo "2236"]
[WhiteTeam "ALG"]
[BlackTeam "CRO"]
[WhiteClock "0:00:30"]
[BlackClock "0:00:07"]
[Variant "Standard"]

1. e4 {[%clk 0:03:00]}  g6 {[%clk 0:02:59]} 2. h4 {[%clk 0:02:59]}  h5 {[%clk 0:02:58]} 3. d4 {[%clk 0:02:58]}  Bg7 {[%clk 0:02:58]} 4. Nf3 {[%clk 0:02:57]}  d6 {[%clk 0:02:58]} 5. Bc4 {[%clk 0:02:57]}  a6 {[%clk 0:02:52]} 6. Nc3 {[%clk 0:02:48]}  b5 {[%clk 0:02:51]} 7. Bb3 {[%clk 0:02:48]}  Bb7 {[%clk 0:02:48]} 8. Qe2 {[%clk 0:02:43]}  b4 {[%clk 0:02:41]} 9. Nd5 {[%clk 0:02:42]}  Nd7 {[%clk 0:02:38]} 10. Bg5 {[%clk 0:02:38]}  Ngf6 {[%clk 0:02:34]} 11. Nxf6+ {[%clk 0:02:36]}  exf6 {[%clk 0:02:32]} 12. Bd2 {[%clk 0:02:21]}  O-O {[%clk 0:02:32]} 13. Bxb4 {[%clk 0:02:17]}  a5 {[%clk 0:02:24]} 14. Bd2 {[%clk 0:02:13]}  a4 {[%clk 0:02:19]} 15. Bc4 {[%clk 0:02:12]}  Bxe4 {[%clk 0:02:19]} 16. O-O-O {[%clk 0:02:10]}  d5 {[%clk 0:02:15]} 17. Bd3 {[%clk 0:02:07]}  Re8 {[%clk 0:02:15]} 18. Be3 {[%clk 0:02:05]}  a3 {[%clk 0:02:10]} 19. b3 {[%clk 0:02:04]}  c5 {[%clk 0:02:07]} 20. dxc5 {[%clk 0:01:56]}  f5 {[%clk 0:02:07]} 21. Bxe4 {[%clk 0:01:47]}  Rxe4 {[%clk 0:01:59]} 22. Qd3 {[%clk 0:01:32]}  Qf6 {[%clk 0:01:50]} 23. Bd4 {[%clk 0:01:31]}  Rxd4 {[%clk 0:00:48]} 24. Qxd4 {[%clk 0:01:29]}  Nxc5 {[%clk 0:00:43]} 25. Qxf6 {[%clk 0:01:28]}  Bxf6 {[%clk 0:00:44]} 26. Rxd5 {[%clk 0:01:28]}  Bb2+ {[%clk 0:00:42]} 27. Kb1 {[%clk 0:01:28]}  Ne4 {[%clk 0:00:43]} 28. Rd3 {[%clk 0:01:17]}  Nxf2 {[%clk 0:00:42]} 29. Rhd1 {[%clk 0:01:14]}  Kg7 {[%clk 0:00:33]} 30. c4 {[%clk 0:01:10]}  Nxd3 {[%clk 0:00:32]} 31. Rxd3 {[%clk 0:01:11]}  Re8 {[%clk 0:00:31]} 32. Rd7 {[%clk 0:01:08]}  Bf6 {[%clk 0:00:25]} 33. Kc2 {[%clk 0:01:00]}  Re2+ {[%clk 0:00:25]} 34. Rd2 {[%clk 0:01:00]}  Re1 {[%clk 0:00:23]} 35. b4 {[%clk 0:00:56]}  Bb2 {[%clk 0:00:20]} 36. c5 {[%clk 0:00:54]}  Rc1+ {[%clk 0:00:20]} 37. Kb3 {[%clk 0:00:55]}  Rc3+ {[%clk 0:00:20]} 38. Ka4 {[%clk 0:00:55]}  Rc4 {[%clk 0:00:19]} 39. Kb5 {[%clk 0:00:48]}  Rc1 {[%clk 0:00:19]} 40. c6 {[%clk 0:00:45]}  Bc3 {[%clk 0:00:18]} 41. Rd3 {[%clk 0:00:39]}  Bf6 {[%clk 0:00:17]} 42. Kb6 {[%clk 0:00:35]}  Rb1 {[%clk 0:00:16]} 43. b5 {[%clk 0:00:35]}  Bd8+ {[%clk 0:00:14]} 44. Rxd8 {[%clk 0:00:32]}  Kf6 {[%clk 0:00:13]} 45. Rd2 {[%clk 0:00:31]}  Rb4 {[%clk 0:00:13]} 46. c7 {[%clk 0:00:30]}  Rc4 {[%clk 0:00:14]} 47. Kb7 {[%clk 0:00:30]}  Rc5 {[%clk 0:00:07]} 48. b6 {[%clk 0:00:30]} 1-0

[Event "April 9 Late 2024"]
[Site "Chess.com"]
[Date "2024.04.09"]
[Round "7"]
[White "Reinecke, Katharina"]
[Black "Gruca, Miroslav"]
[Result "1/2-1/2"]
[Board "140"]
[WhiteFideId "12929727"]
[BlackFideId "14905906"]
[WhiteTitle "WCM"]
[BlackTitle "CM"]
[WhiteElo "2020"]
[BlackElo "2233"]
[WhiteTeam "GER"]
[BlackTeam "SVK"]
[WhiteClock "0:01:00"]
[BlackClock "0:00:27"]
[Variant "Standard"]

1. e4 {[%clk 0:02:59]}  c6 {[%clk 0:02:59]} 2. Nf3 {[%clk 0:02:55]}  d5 {[%clk 0:03:00]} 3. d3 {[%clk 0:02:55]}  dxe4 {[%clk 0:02:55]} 4. dxe4 {[%clk 0:02:53]}  Qxd1+ {[%clk 0:02:54]} 5. Kxd1 {[%clk 0:02:53]}  Bg4 {[%clk 0:02:54]} 6. Be2 {[%clk 0:02:52]}  Nd7 {[%clk 0:02:52]} 7. Ne1 {[%clk 0:02:52]}  Bxe2+ {[%clk 0:02:49]} 8. Kxe2 {[%clk 0:02:53]}  e5 {[%clk 0:02:44]} 9. Nd3 {[%clk 0:02:52]}  O-O-O {[%clk 0:02:40]} 10. Be3 {[%clk 0:02:51]}  b6 {[%clk 0:02:38]} 11. Nd2 {[%clk 0:02:50]}  f6 {[%clk 0:02:31]} 12. a4 {[%clk 0:02:48]}  Kb8 {[%clk 0:02:23]} 13. b4 {[%clk 0:02:41]}  Bd6 {[%clk 0:02:21]} 14. c4 {[%clk 0:02:37]}  c5 {[%clk 0:02:12]} 15. bxc5 {[%clk 0:02:32]}  Nxc5 {[%clk 0:02:11]} 16. Nxc5 {[%clk 0:02:31]}  Bxc5 {[%clk 0:02:11]} 17. Bxc5 {[%clk 0:02:32]}  bxc5 {[%clk 0:02:11]} 18. Rab1+ {[%clk 0:02:23]}  Ka8 {[%clk 0:01:55]} 19. Rb5 {[%clk 0:02:23]}  Ne7 {[%clk 0:01:51]} 20. Rxc5 {[%clk 0:02:20]}  Rc8 {[%clk 0:01:50]} 21. Rxc8+ {[%clk 0:02:18]}  Rxc8 {[%clk 0:01:51]} 22. f3 {[%clk 0:02:15]}  Nc6 {[%clk 0:01:48]} 23. Rc1 {[%clk 0:02:06]}  Nd4+ {[%clk 0:01:44]} 24. Ke3 {[%clk 0:02:04]}  Rc5 {[%clk 0:01:40]} 25. Rc3 {[%clk 0:01:59]}  Ra5 {[%clk 0:01:36]} 26. c5 {[%clk 0:01:43]}  Kb8 {[%clk 0:01:20]} 27. Nb3 {[%clk 0:01:37]}  Nxb3 {[%clk 0:01:14]} 28. Rxb3+ {[%clk 0:01:37]}  Kc7 {[%clk 0:01:14]} 29. Rb4 {[%clk 0:01:19]}  Rxc5 {[%clk 0:01:13]} 30. Kd3 {[%clk 0:01:16]}  Ra5 {[%clk 0:00:43]} 31. h3 {[%clk 0:01:14]}  Kc6 {[%clk 0:00:34]} 32. Rc4+ {[%clk 0:01:03]}  Kd6 {[%clk 0:00:33]} 33. Rb4 {[%clk 0:01:01]}  Kc6 {[%clk 0:00:27]} 34. Rc4+ {[%clk 0:01:00]}  Kd6 {[%clk 0:00:27]} 35. Rb4 {[%clk 0:01:00]}  Kc6 {[%clk 0:00:27]} 1/2-1/2

[Event "April 9 Late 2024"]
[Site "Chess.com"]
[Date "2024.04.09"]
[Round "7"]
[White "Kostiukov, Alexandr"]
[Black "Mesquita, Eduardo Barbosa"]
[Result "1-0"]
[Board "145"]
[WhiteFideId "14108100"]
[BlackFideId "22757163"]
[WhiteElo "2234"]
[BlackElo "2306"]
[WhiteTeam "UKR"]
[BlackTeam "BRA"]
[WhiteClock "0:00:07"]
[BlackClock "0:00:00"]
[Variant "Standard"]

1. g3 {[%clk 0:02:49]}  d5 {[%clk 0:02:59]} 2. Bg2 {[%clk 0:02:47]}  Nf6 {[%clk 0:02:57]} 3. d3 {[%clk 0:02:47]}  e5 {[%clk 0:02:57]} 4. e4 {[%clk 0:02:45]}  c6 {[%clk 0:02:57]} 5. Nc3 {[%clk 0:02:42]}  Bb4 {[%clk 0:02:55]} 6. exd5 {[%clk 0:02:40]}  cxd5 {[%clk 0:02:55]} 7. Bd2 {[%clk 0:02:40]}  Nc6 {[%clk 0:02:54]} 8. Nge2 {[%clk 0:02:38]}  Be6 {[%clk 0:02:53]} 9. O-O {[%clk 0:02:37]}  O-O {[%clk 0:02:53]} 10. Kh1 {[%clk 0:02:34]}  Qd7 {[%clk 0:02:51]} 11. f4 {[%clk 0:02:32]}  d4 {[%clk 0:02:51]} 12. Ne4 {[%clk 0:02:27]}  Nxe4 {[%clk 0:02:50]} 13. dxe4 {[%clk 0:02:24]}  Bxd2 {[%clk 0:02:49]} 14. Qxd2 {[%clk 0:02:25]}  exf4 {[%clk 0:02:48]} 15. gxf4 {[%clk 0:02:21]}  Rfe8 {[%clk 0:02:48]} 16. f5 {[%clk 0:02:06]}  Bc4 {[%clk 0:02:48]} 17. f6 {[%clk 0:02:02]}  Ne5 {[%clk 0:01:59]} 18. fxg7 {[%clk 0:01:47]}  Rad8 {[%clk 0:01:58]} 19. Rf5 {[%clk 0:01:35]}  Ng4 {[%clk 0:01:44]} 20. Ng3 {[%clk 0:01:23]}  Ne3 {[%clk 0:01:39]} 21. Rf4 {[%clk 0:01:00]}  Qd6 {[%clk 0:01:20]} 22. Qf2 {[%clk 0:00:52]}  Qg6 {[%clk 0:01:16]} 23. Nf5 {[%clk 0:00:31]}  Ng4 {[%clk 0:01:02]} 24. Qh4 {[%clk 0:00:18]}  h5 {[%clk 0:00:58]} 25. Rg1 {[%clk 0:00:14]}  Kh7 {[%clk 0:00:52]} 26. h3 {[%clk 0:00:14]}  Ne3 {[%clk 0:00:33]} 27. Bf3 {[%clk 0:00:15]}  Nxf5 {[%clk 0:00:00]} 28. Rxf5 {[%clk 0:00:07]} 1-0

[Event "April 9 Late 2024"]
[Site "Chess.com"]
[Date "2024.04.09"]
[Round "7"]
[White "Castillo Pena, Patricia Evarista"]
[Black "Marin Masis, Jose Esteban"]
[Result "1-0"]
[Board "146"]
[WhiteFideId "6412106"]
[BlackFideId "6508146"]
[WhiteTitle "WCM"]
[BlackTitle "CM"]
[WhiteElo "2113"]
[BlackElo "2139"]
[WhiteTeam "DOM"]
[BlackTeam "CRC"]
[WhiteClock "0:00:23"]
[BlackClock "0:00:09"]
[Variant "Standard"]

1. d4 {[%clk 0:02:54]}  Nf6 {[%clk 0:02:59]} 2. Nf3 {[%clk 0:02:54]}  d5 {[%clk 0:02:58]} 3. e3 {[%clk 0:02:53]}  c5 {[%clk 0:02:57]} 4. Bd3 {[%clk 0:02:51]}  c4 {[%clk 0:02:57]} 5. Be2 {[%clk 0:02:51]}  Nc6 {[%clk 0:02:57]} 6. b3 {[%clk 0:02:49]}  b5 {[%clk 0:02:56]} 7. a4 {[%clk 0:02:46]}  bxa4 {[%clk 0:02:42]} 8. bxc4 {[%clk 0:02:44]}  dxc4 {[%clk 0:02:39]} 9. Bxc4 {[%clk 0:02:41]}  e6 {[%clk 0:02:32]} 10. O-O {[%clk 0:02:40]}  Bd6 {[%clk 0:02:31]} 11. Ba3 {[%clk 0:02:38]}  O-O {[%clk 0:02:27]} 12. Ne5 {[%clk 0:02:04]}  Bxe5 {[%clk 0:01:57]} 13. dxe5 {[%clk 0:01:59]}  Nxe5 {[%clk 0:01:43]} 14. Bxf8 {[%clk 0:01:49]}  Qxf8 {[%clk 0:01:33]} 15. Be2 {[%clk 0:01:36]}  Bd7 {[%clk 0:01:13]} 16. Qd4 {[%clk 0:01:32]}  Ng6 {[%clk 0:01:03]} 17. Bf3 {[%clk 0:01:18]}  e5 {[%clk 0:00:55]} 18. Qc3 {[%clk 0:00:52]}  e4 {[%clk 0:00:44]} 19. Be2 {[%clk 0:00:47]}  Rc8 {[%clk 0:00:34]} 20. Qb2 {[%clk 0:00:41]}  Qc5 {[%clk 0:00:30]} 21. Na3 {[%clk 0:00:38]}  Bg4 {[%clk 0:00:18]} 22. Bxg4 {[%clk 0:00:35]}  Nxg4 {[%clk 0:00:19]} 23. h3 {[%clk 0:00:35]}  Nf6 {[%clk 0:00:14]} 24. Rfd1 {[%clk 0:00:34]}  Nh4 {[%clk 0:00:13]} 25. Qd4 {[%clk 0:00:30]}  Qg5 {[%clk 0:00:12]} 26. Qd8+ {[%clk 0:00:23]}  Rxd8 {[%clk 0:00:09]} 27. Rxd8+ {[%clk 0:00:23]}  Ne8 {[%clk 0:00:09]} 28. Rxe8# {[%clk 0:00:23]} 1-0

[Event "April 9 Late 2024"]
[Site "Chess.com"]
[Date "2024.04.09"]
[Round "8"]
[White "Zhigalko, Sergei"]
[Black "Krzyzanowski, Marcin"]
[Result "0-1"]
[Board "13"]
[WhiteFideId "13502956"]
[BlackFideId "1132199"]
[WhiteTitle "GM"]
[BlackTitle "GM"]
[WhiteElo "2897"]
[BlackElo "2814"]
[WhiteTeam "BLR"]
[BlackTeam "POL"]
[WhiteClock "0:00:00"]
[BlackClock "0:00:09"]
[Variant "Standard"]

1. e4 {[%clk 0:03:00]}  c5 {[%clk 0:02:51]} 2. Nf3 {[%clk 0:03:01]}  d6 {[%clk 0:02:46]} 3. d4 {[%clk 0:03:01]}  cxd4 {[%clk 0:02:47]} 4. Qxd4 {[%clk 0:03:01]}  Nf6 {[%clk 0:02:48]} 5. Nc3 {[%clk 0:03:01]}  Nc6 {[%clk 0:02:45]} 6. Bb5 {[%clk 0:03:01]}  Bd7 {[%clk 0:02:46]} 7. Bxc6 {[%clk 0:03:01]}  Bxc6 {[%clk 0:02:47]} 8. Bg5 {[%clk 0:03:01]}  e6 {[%clk 0:02:44]} 9. O-O-O {[%clk 0:03:01]}  h6 {[%clk 0:02:43]} 10. Bh4 {[%clk 0:03:01]}  Be7 {[%clk 0:02:38]} 11. Rhe1 {[%clk 0:02:53]}  Qa5 {[%clk 0:02:17]} 12. Kb1 {[%clk 0:02:43]}  O-O {[%clk 0:02:12]} 13. Qd2 {[%clk 0:02:43]}  Qh5 {[%clk 0:01:55]} 14. h3 {[%clk 0:02:35]}  Rfd8 {[%clk 0:01:52]} 15. g4 {[%clk 0:02:34]}  Qc5 {[%clk 0:01:52]} 16. g5 {[%clk 0:02:23]}  hxg5 {[%clk 0:01:51]} 17. Bxg5 {[%clk 0:02:23]}  b5 {[%clk 0:01:50]} 18. Nd4 {[%clk 0:00:48]}  b4 {[%clk 0:01:37]} 19. Nd5 {[%clk 0:00:48]}  Bxd5 {[%clk 0:01:20]} 20. exd5 {[%clk 0:00:46]}  Nxd5 {[%clk 0:01:20]} 21. Rg1 {[%clk 0:00:32]}  Rac8 {[%clk 0:00:52]} 22. h4 {[%clk 0:00:20]}  Kf8 {[%clk 0:00:44]} 23. h5 {[%clk 0:00:20]}  e5 {[%clk 0:00:27]} 24. Nf5 {[%clk 0:00:11]}  f6 {[%clk 0:00:13]} 25. Bh6 {[%clk 0:00:08]}  gxh6 {[%clk 0:00:08]} 26. Qxh6+ {[%clk 0:00:04]}  Ke8 {[%clk 0:00:08]} 27. Qh7 {[%clk 0:00:04]}  Kd7 {[%clk 0:00:08]} 28. Rxd5 {[%clk 0:00:03]}  Qxc2+ {[%clk 0:00:08]} 29. Ka1 {[%clk 0:00:00]}  Qc1+ {[%clk 0:00:09]} 0-1

[Event "April 9 Late 2024"]
[Site "Chess.com"]
[Date "2024.04.09"]
[Round "8"]
[White "Troff, Kayden"]
[Black "Tarhan, Adar"]
[Result "0-1"]
[Board "23"]
[WhiteFideId "2047896"]
[BlackFideId "34544712"]
[WhiteTitle "GM"]
[BlackTitle "IM"]
[WhiteElo "2878"]
[BlackElo "2729"]
[WhiteTeam "USA"]
[BlackTeam "TUR"]
[WhiteClock "0:00:00"]
[BlackClock "0:00:12"]
[Variant "Standard"]

1. d4 {[%clk 0:03:00]}  Nf6 {[%clk 0:02:59]} 2. Nf3 {[%clk 0:03:01]}  e6 {[%clk 0:02:59]} 3. Bf4 {[%clk 0:03:02]}  b6 {[%clk 0:02:58]} 4. e3 {[%clk 0:03:02]}  Bb7 {[%clk 0:02:59]} 5. Nbd2 {[%clk 0:03:03]}  h6 {[%clk 0:02:59]} 6. a4 {[%clk 0:03:01]}  g5 {[%clk 0:02:57]} 7. Bg3 {[%clk 0:03:01]}  Rg8 {[%clk 0:02:56]} 8. h3 {[%clk 0:02:58]}  h5 {[%clk 0:02:55]} 9. a5 {[%clk 0:02:57]}  h4 {[%clk 0:02:52]} 10. Bh2 {[%clk 0:02:58]}  g4 {[%clk 0:02:50]} 11. hxg4 {[%clk 0:02:57]}  Nxg4 {[%clk 0:02:47]} 12. Bf4 {[%clk 0:02:57]}  Bd6 {[%clk 0:02:43]} 13. Bxd6 {[%clk 0:02:50]}  cxd6 {[%clk 0:02:41]} 14. Rxh4 {[%clk 0:02:48]}  bxa5 {[%clk 0:02:33]} 15. g3 {[%clk 0:02:38]}  Nc6 {[%clk 0:02:25]} 16. Nc4 {[%clk 0:02:37]}  Qe7 {[%clk 0:02:11]} 17. Nfd2 {[%clk 0:02:27]}  f5 {[%clk 0:02:01]} 18. Nxa5 {[%clk 0:02:27]}  Nxa5 {[%clk 0:02:01]} 19. Rxa5 {[%clk 0:02:28]}  O-O-O {[%clk 0:01:47]} 20. Rxa7 {[%clk 0:02:22]}  Nxe3 {[%clk 0:01:39]} 21. fxe3 {[%clk 0:02:00]}  Rxg3 {[%clk 0:01:38]} 22. Rf4 {[%clk 0:01:56]}  Rxe3+ {[%clk 0:01:33]} 23. Kf2 {[%clk 0:01:55]}  Qg5 {[%clk 0:01:32]} 24. Kxe3 {[%clk 0:01:49]}  e5 {[%clk 0:01:32]} 25. dxe5 {[%clk 0:01:46]}  dxe5 {[%clk 0:01:32]} 26. Qa1 {[%clk 0:01:00]}  exf4+ {[%clk 0:01:31]} 27. Kd3 {[%clk 0:00:49]}  Qg3+ {[%clk 0:01:11]} 28. Kc4 {[%clk 0:00:47]}  Kb8 {[%clk 0:00:54]} 29. Kb4 {[%clk 0:00:31]}  Qe3 {[%clk 0:00:44]} 30. Rxb7+ {[%clk 0:00:23]}  Kxb7 {[%clk 0:00:45]} 31. Nc4 {[%clk 0:00:23]}  Qe7+ {[%clk 0:00:44]} 32. Kb5 {[%clk 0:00:21]}  Qe6 {[%clk 0:00:22]} 33. Bg2+ {[%clk 0:00:16]}  d5 {[%clk 0:00:23]} 34. Kb4 {[%clk 0:00:12]}  Rc8 {[%clk 0:00:14]} 35. Na5+ {[%clk 0:00:07]}  Kb6 {[%clk 0:00:12]} 36. Qg1+ {[%clk 0:00:07]}  Qe3 {[%clk 0:00:12]} 37. Qxe3+ {[%clk 0:00:05]}  fxe3 {[%clk 0:00:13]} 38. Bf3 {[%clk 0:00:05]}  Rxc2 {[%clk 0:00:13]} 39. Nb3 {[%clk 0:00:01]}  e2 {[%clk 0:00:13]} 40. Bxe2 {[%clk 0:00:02]}  Rxe2 {[%clk 0:00:14]} 41. Nd4 {[%clk 0:00:03]}  Rxb2+ {[%clk 0:00:12]} 42. Kc3 {[%clk 0:00:03]}  Rf2 {[%clk 0:00:13]} 43. Kd3 {[%clk 0:00:03]}  Kc5 {[%clk 0:00:12]} 44. Ne6+ {[%clk 0:00:02]}  Kd6 {[%clk 0:00:12]} 45. Nd4 {[%clk 0:00:02]}  Rf4 {[%clk 0:00:12]} 46. Ne2 {[%clk 0:00:02]}  Re4 {[%clk 0:00:12]} 47. Ng3 {[%clk 0:00:02]}  Ke5 {[%clk 0:00:12]} 48. Nf1 {[%clk 0:00:00]}  f4 {[%clk 0:00:12]} 0-1

[Event "April 9 Late 2024"]
[Site "Chess.com"]
[Date "2024.04.09"]
[Round "8"]
[White "Zierk, Steven"]
[Black "Domingo Nunez, Ruben"]
[Result "1-0"]
[Board "25"]
[WhiteFideId "2034255"]
[BlackFideId "22245570"]
[WhiteTitle "GM"]
[BlackTitle "IM"]
[WhiteElo "2872"]
[BlackElo "2689"]
[WhiteTeam "USA"]
[BlackTeam "ESP"]
[WhiteClock "0:00:41"]
[BlackClock "0:00:00"]
[Variant "Standard"]

1. e4 {[%clk 0:03:00]}  g6 {[%clk 0:02:56]} 2. d4 {[%clk 0:03:00]}  Bg7 {[%clk 0:02:57]} 3. Nc3 {[%clk 0:03:01]}  c6 {[%clk 0:02:57]} 4. Nf3 {[%clk 0:02:59]}  d5 {[%clk 0:02:58]} 5. h3 {[%clk 0:02:59]}  dxe4 {[%clk 0:02:57]} 6. Nxe4 {[%clk 0:03:00]}  Nf6 {[%clk 0:02:58]} 7. Nxf6+ {[%clk 0:03:01]}  exf6 {[%clk 0:02:59]} 8. Bc4 {[%clk 0:03:00]}  O-O {[%clk 0:03:00]} 9. O-O {[%clk 0:02:57]}  a5 {[%clk 0:03:00]} 10. a4 {[%clk 0:02:55]}  Na6 {[%clk 0:03:01]} 11. Bf4 {[%clk 0:02:54]}  Nc7 {[%clk 0:03:01]} 12. c3 {[%clk 0:02:53]}  Nd5 {[%clk 0:03:02]} 13. Bh2 {[%clk 0:02:53]}  Be6 {[%clk 0:03:01]} 14. Bd3 {[%clk 0:02:50]}  Re8 {[%clk 0:03:02]} 15. Nd2 {[%clk 0:02:50]}  Qd7 {[%clk 0:02:40]} 16. Qf3 {[%clk 0:02:47]}  Bf8 {[%clk 0:01:34]} 17. Ne4 {[%clk 0:02:43]}  Be7 {[%clk 0:01:34]} 18. Nc5 {[%clk 0:02:43]}  Bxc5 {[%clk 0:01:30]} 19. dxc5 {[%clk 0:02:44]}  Kg7 {[%clk 0:01:30]} 20. Rfe1 {[%clk 0:02:39]}  Rad8 {[%clk 0:01:25]} 21. Bd6 {[%clk 0:02:38]}  Ne7 {[%clk 0:01:21]} 22. Rad1 {[%clk 0:02:15]}  Bb3 {[%clk 0:01:13]} 23. Rd2 {[%clk 0:02:04]}  Nc8 {[%clk 0:01:13]} 24. Rxe8 {[%clk 0:02:02]}  Rxe8 {[%clk 0:01:09]} 25. Bxg6 {[%clk 0:01:41]}  Qe6 {[%clk 0:00:39]} 26. Bf5 {[%clk 0:01:30]}  Qe1+ {[%clk 0:00:36]} 27. Kh2 {[%clk 0:01:30]}  Qxd2 {[%clk 0:00:34]} 28. Bxc8 {[%clk 0:01:25]}  Bd5 {[%clk 0:00:05]} 29. Qg3+ {[%clk 0:01:21]}  Kh8 {[%clk 0:00:05]} 30. Bg4 {[%clk 0:01:05]}  Re1 {[%clk 0:00:03]} 31. Bf4 {[%clk 0:00:42]}  Qd3 {[%clk 0:00:00]} 32. Qxd3 {[%clk 0:00:41]} 1-0

[Event "April 9 Late 2024"]
[Site "Chess.com"]
[Date "2024.04.09"]
[Round "8"]
[White "Korchynskyi, Mykola"]
[Black "Dudin, Gleb"]
[Result "1-0"]
[Board "26"]
[WhiteFideId "34138005"]
[BlackFideId "34184934"]
[WhiteTitle "FM"]
[BlackTitle "GM"]
[WhiteElo "2667"]
[BlackElo "2864"]
[WhiteTeam "UKR"]
[BlackTeam "HUN"]
[WhiteClock "0:00:04"]
[BlackClock "0:00:01"]
[Variant "Standard"]

1. d4 {[%clk 0:03:00]}  e6 {[%clk 0:02:58]} 2. c4 {[%clk 0:03:00]}  Bb4+ {[%clk 0:02:58]} 3. Bd2 {[%clk 0:02:59]}  a5 {[%clk 0:02:54]} 4. a3 {[%clk 0:02:58]}  Bxd2+ {[%clk 0:02:54]} 5. Qxd2 {[%clk 0:02:59]}  Nf6 {[%clk 0:02:54]} 6. Nc3 {[%clk 0:03:00]}  O-O {[%clk 0:02:50]} 7. e3 {[%clk 0:02:54]}  b6 {[%clk 0:02:47]} 8. Be2 {[%clk 0:02:49]}  Bb7 {[%clk 0:02:47]} 9. Bf3 {[%clk 0:02:50]}  d5 {[%clk 0:02:46]} 10. cxd5 {[%clk 0:02:49]}  exd5 {[%clk 0:02:46]} 11. Nge2 {[%clk 0:02:49]}  Na6 {[%clk 0:02:18]} 12. O-O {[%clk 0:02:45]}  c5 {[%clk 0:02:06]} 13. dxc5 {[%clk 0:02:38]}  Nxc5 {[%clk 0:02:07]} 14. Nd4 {[%clk 0:02:38]}  Rc8 {[%clk 0:02:02]} 15. Rac1 {[%clk 0:02:34]}  Re8 {[%clk 0:01:57]} 16. Rfd1 {[%clk 0:02:31]}  Qe7 {[%clk 0:01:43]} 17. b4 {[%clk 0:02:22]}  axb4 {[%clk 0:01:42]} 18. axb4 {[%clk 0:02:23]}  Na6 {[%clk 0:01:16]} 19. Na4 {[%clk 0:01:43]}  Rxc1 {[%clk 0:01:00]} 20. Rxc1 {[%clk 0:01:43]}  Nxb4 {[%clk 0:00:59]} 21. Nxb6 {[%clk 0:01:41]}  g6 {[%clk 0:00:21]} 22. h3 {[%clk 0:01:35]}  Ne4 {[%clk 0:00:21]} 23. Bxe4 {[%clk 0:01:28]}  dxe4 {[%clk 0:00:22]} 24. Qc3 {[%clk 0:00:28]}  Nd3 {[%clk 0:00:22]} 25. Rc2 {[%clk 0:00:28]}  Qd6 {[%clk 0:00:19]} 26. Qc7 {[%clk 0:00:25]}  Qb4 {[%clk 0:00:08]} 27. Qxb7 {[%clk 0:00:21]}  Qe1+ {[%clk 0:00:08]} 28. Kh2 {[%clk 0:00:21]}  Nxf2 {[%clk 0:00:09]} 29. Qd7 {[%clk 0:00:14]}  Rf8 {[%clk 0:00:06]} 30. Re2 {[%clk 0:00:11]}  Qh1+ {[%clk 0:00:05]} 31. Kg3 {[%clk 0:00:12]}  Nd3 {[%clk 0:00:04]} 32. Nd5 {[%clk 0:00:11]}  Qd1 {[%clk 0:00:03]} 33. Qe7 {[%clk 0:00:06]}  Nc1 {[%clk 0:00:02]} 34. Rf2 {[%clk 0:00:04]}  Nd3 {[%clk 0:00:01]} 35. Qf6 {[%clk 0:00:04]}  Nxf2 {[%clk 0:00:01]} 36. Ne7# {[%clk 0:00:04]} 1-0

[Event "April 9 Late 2024"]
[Site "Chess.com"]
[Date "2024.04.09"]
[Round "8"]
[White "Urazayev, Arystanbek"]
[Black "Gubajdullin, Alexei"]
[Result "1-0"]
[Board "27"]
[WhiteFideId "13709810"]
[BlackFideId "4141202"]
[WhiteTitle "IM"]
[BlackTitle "FM"]
[WhiteElo "2855"]
[BlackElo "2669"]
[WhiteTeam "KAZ"]
[BlackTeam "RUS"]
[WhiteClock "0:00:28"]
[BlackClock "0:00:04"]
[Variant "Standard"]

1. d4 {[%clk 0:02:55]}  Nf6 {[%clk 0:02:59]} 2. c4 {[%clk 0:02:55]}  g6 {[%clk 0:02:59]} 3. Nc3 {[%clk 0:02:55]}  Bg7 {[%clk 0:03:00]} 4. e4 {[%clk 0:02:56]}  d6 {[%clk 0:03:00]} 5. f4 {[%clk 0:02:56]}  O-O {[%clk 0:03:01]} 6. Nf3 {[%clk 0:02:56]}  c5 {[%clk 0:03:01]} 7. d5 {[%clk 0:02:57]}  e6 {[%clk 0:03:00]} 8. dxe6 {[%clk 0:02:58]}  Bxe6 {[%clk 0:03:00]} 9. Bd3 {[%clk 0:02:59]}  Bg4 {[%clk 0:02:59]} 10. O-O {[%clk 0:02:59]}  Nc6 {[%clk 0:02:59]} 11. Qe1 {[%clk 0:02:55]}  Ne8 {[%clk 0:02:55]} 12. Qg3 {[%clk 0:02:44]}  Bxf3 {[%clk 0:02:54]} 13. Qxf3 {[%clk 0:02:45]}  Nc7 {[%clk 0:02:52]} 14. Qh3 {[%clk 0:02:38]}  Nd4 {[%clk 0:02:49]} 15. f5 {[%clk 0:02:35]}  a6 {[%clk 0:02:44]} 16. Bf4 {[%clk 0:02:05]}  b5 {[%clk 0:02:41]} 17. Rae1 {[%clk 0:02:05]}  b4 {[%clk 0:02:39]} 18. Nd5 {[%clk 0:02:04]}  Nxd5 {[%clk 0:02:38]} 19. exd5 {[%clk 0:02:05]}  Ra7 {[%clk 0:02:00]} 20. g4 {[%clk 0:01:54]}  Re7 {[%clk 0:01:34]} 21. Bg5 {[%clk 0:01:54]}  Rxe1 {[%clk 0:01:30]} 22. Bxd8 {[%clk 0:01:51]}  Rxf1+ {[%clk 0:01:30]} 23. Kxf1 {[%clk 0:01:29]}  Rxd8 {[%clk 0:01:29]} 24. Qe3 {[%clk 0:01:26]}  Kf8 {[%clk 0:01:24]} 25. Qg5 {[%clk 0:00:58]}  Re8 {[%clk 0:01:04]} 26. f6 {[%clk 0:00:53]}  Bh8 {[%clk 0:01:02]} 27. Qf4 {[%clk 0:00:49]}  Re5 {[%clk 0:00:59]} 28. g5 {[%clk 0:00:45]}  Kg8 {[%clk 0:00:50]} 29. h4 {[%clk 0:00:44]}  h6 {[%clk 0:00:44]} 30. Qg4 {[%clk 0:00:43]}  hxg5 {[%clk 0:00:33]} 31. Qc8+ {[%clk 0:00:43]}  Kh7 {[%clk 0:00:33]} 32. Qf8 {[%clk 0:00:43]}  Bxf6 {[%clk 0:00:25]} 33. Qxf7+ {[%clk 0:00:43]}  Bg7 {[%clk 0:00:25]} 34. Qxg6+ {[%clk 0:00:39]}  Kg8 {[%clk 0:00:25]} 35. h5 {[%clk 0:00:36]}  Kf8 {[%clk 0:00:09]} 36. h6 {[%clk 0:00:34]}  Bh8 {[%clk 0:00:09]} 37. Qxd6+ {[%clk 0:00:33]}  Re7 {[%clk 0:00:09]} 38. Qxc5 {[%clk 0:00:31]}  Nf3 {[%clk 0:00:08]} 39. Qc8+ {[%clk 0:00:27]}  Re8 {[%clk 0:00:07]} 40. Qf5+ {[%clk 0:00:27]}  Kg8 {[%clk 0:00:06]} 41. Qxf3 {[%clk 0:00:27]}  Rf8 {[%clk 0:00:06]} 42. Bh7+ {[%clk 0:00:28]}  Kxh7 {[%clk 0:00:04]} 43. Qxf8 {[%clk 0:00:28]} 1-0